000 00647nam a22001697a 4500
008 160927b xxu||||| |||| 00| 0 eng d
020 _a9715424813
082 _22005
_aDFil 899.211
_bSa96
100 _915358
_aZafra, Galileo S. and Baquiran, Romulo P.,Jr.
_eEditor
245 _aSawikaan 2004:
_bmga salita ng taon/
_cGalileo S. Zafra and Romulo P. Baquiran, Jr., Editor
260 _aQuezon City:
_bUP Press,
_cc2005.
300 _avii, 100 pages:
_billustrations;
_c21 cm.
650 0 _915355
_aFilipino language
_xSlang
650 0 _915356
_aFilipino language
_xNew words
650 0 _915357
_aFilipino language
_xTerms and phrases
942 _2ddc
_cDFIL
999 _c4870
_d4870